Guía jurídica de la CNUDMI para la redacción de contratos internacionales de construcción de instalaciones industriales

Збережено в:
Бібліографічні деталі
Співавтори: Comisión de las Naciones Unidas para el Derecho Mercantil Internacional (Автор), ONU (Автор)
Формат: Книга
Мова:Іспанська
Опубліковано: Nueva York ONU 1988
Предмети:
Теги: Додати тег
Немає тегів, Будьте першим, хто поставить тег для цього запису!

MARC

LEADER 00000nam a2200000 a 4500
001 UCX7214
003 CL-VaPUC
008 931201e19880000US |||||||||||||||||spa|d
082 0 4 |a 341.02  |b COM  |2 21 
110 2 |a Comisión de las Naciones Unidas para el Derecho Mercantil Internacional  |e author  |9 324017 
710 2 |a ONU  |e author  |9 324018 
245 1 0 |a Guía jurídica de la CNUDMI para la redacción de contratos internacionales de construcción de instalaciones industriales 
300 |a 366 p 
942 |c BK 
945 |d 19931201 00:00:00  |a nfarias 
260 |a Nueva York  |b ONU  |c 1988 
650 0 |a Derecho internacional  |9 255637 
583 |a last modification  |c 19931201 00:00:00  |k Rodrigo Vera 
999 |c 227098  |d 227096 
952 |0 0  |1 0  |4 0  |6 341_020000000000000_COM_1988  |7 0  |8 A  |9 225888  |a BIBDER  |b BIBDER  |d 2019-11-15  |i 2945088  |o 341.02 COM 1988  |p 2945088  |r 2023-01-25  |w 2019-11-15  |y BK  |k DER